NFL Top 50 Tackles Leaders All Time - Statistics

General Stats
  • This quiz has been taken 24 times
  • The average score is 10 of 50
Answer Stats
Rank Tackles Player % Correct
1 1568 Ray Lewis
95%
40 764 Daryl Smith
55%
34 805 Derek Smith
55%
31 822 Harrison Smith
55%
18 955 Derrick Johnson
45%
11 1046 Brian Urlacher
40%
10 1071 Bobby Wagner
35%
25 887 Demario Davis
35%
8 1077 Junior Seau
35%
50 733 Patrick Willis
35%
27 859 Thomas Davis
35%
39 770 Chad Brown
30%
5 1111 Lavonte David
30%
6 1107 Zach Thomas
25%
22 911 Brian Dawkins
20%
3 1300 Derrick Brooks
20%
43 754 D'Qwell Jackson
20%
47 739 Kareem Jackson
20%
2 1384 London Fletcher
20%
21 920 Rodney Harrison
20%
29 832 Champ Bailey
15%
16 997 Charles Woodson
15%
45 740 Darren Sharper
15%
19 944 Lance Briggs
15%
20 935 Antoine Winfield
10%
41 762 Chad Greenway
10%
37 790 Charles Tillman
10%
4 1135 Donnie Edwards
10%
23 903 Eric Weddle
10%
15 1012 James Farrior
10%
7 1103 Keith Brooking
10%
48 737 Lawrence Timmons
10%
24 896 Mike Peterson
10%
17 995 Antoine Bethea
5%
49 735 DeMeco Ryans
5%
45 740 Devin McCourty
5%
30 825 Greg Biekert
5%
8 1077 Karlos Dansby
5%
32 811 Keith Bulluck
5%
13 1033 Lawyer Milloy
5%
35 804 Malcolm Jenkins
5%
32 811 Marvcus Patton
5%
38 771 Micheal Barrow
5%
26 882 Paul Posluszny
5%
28 846 Robert Griffith
5%
12 1044 Ronde Barber
5%
36 797 Sammy Knight
5%
14 1018 Takeo Spikes
5%
44 749 Terence Newman
5%
42 755 Will Witherspoon
5%
No matching quizzes found
Score Distribution
Percent of People with Each Score
Percentile by Number Answered
Your Score History
You have not taken this quiz